logo

Bir Sreshtho Munshi Abdur Rouf Library
Jhenaidah Cadet College

ঔষধি গাছ / (Record no. 10853)

MARC details
000 -LEADER
fixed length control field 00692nam a2200229 4500
001 - CONTROL NUMBER
JCCL Control Number 10853
003 - CONTROL NUMBER IDENTIFIER
JCCL marc code BD-JhCC
005 - DATE AND TIME OF LATEST TRANSACTION
control field 20190623091331.0
008 - FIXED-LENGTH DATA ELEMENTS--GENERAL INFORMATION
fixed length control field 190522b2018 bd ||||| a||| 00| 0 be d
020 ## - INTERNATIONAL STANDARD BOOK NUMBER
International Standard Book Number 9789845261104
035 ## - SYSTEM CONTROL NUMBER
system control number (BD-JhCC)10853
040 ## - CATALOGING SOURCE
Original cataloging agency BD-JhCC
Modifying agency BD-JhCC
041 ## - LANGUAGE CODE
Language code of Book ben
082 ## - DEWEY DECIMAL CLASSIFICATION NUMBER
Author mark and Year ROY 2018
Classification number 615.2
100 ## - MAIN ENTRY--PERSONAL NAME
Personal name রায়, মৃত্যুঞ্জয়
245 ## - TITLE STATEMENT
Title ঔষধি গাছ /
Statement of responsibility, etc মৃত্যুঞ্জয় রায়
260 ## - PUBLICATION, DISTRIBUTION, ETC. (IMPRINT)
Place of publication, distribution, etc ঢাকা, বাংলাদেশ:
Name of publisher, distributor, etc অনিন্দ প্রকাশ,
Date of publication, distribution, etc 2018.
300 ## - PHYSICAL DESCRIPTION
Pagination 159 p., V-1
Dimensions 20cm.
650 ## - SUBJECT ADDED ENTRY--TOPICAL TERM
Topical term or geographic name as entry element Herbal Medicine
942 ## - ADDED ENTRY ELEMENTS (KOHA)
Source of classification or shelving scheme Dewey Decimal Classification
Koha item type Books
Holdings
Source of classification or shelving scheme volume number Damaged status Not for loan Home library Current library Shelving location Date of accession Cost, normal purchase price Total Checkouts Full call number Barcode Date last seen Date checked out Copy number Koha item type
Dewey Decimal Classification V-1     JCC Rouf Library JCC Rouf Library General Stacks 06/11/2019 240.00 1 615.2 ROY 2018 14826 11/05/2023 10/29/2023 C-1 Books

JCC Library | Contacts | JCC Home

Last Update on 23 September 2017
Copyright @ 2017-2020 JCC Rouf Library
Rouf Library, Jhenidah Cadet College (JCC), Bangladesh